000 01540nam a2200241Ia 4500
999 _c51565
_d51565
001 18556
003 GE_BSU
005 20230207130312.0
008 181216s2016||||ge |||||||||||||| ||g ||
020 _a23467657
040 _cGE_BSU
041 _ageo
080 _a378(063) ჰ-92
245 _aჰუმანიტარულ მეცნიერებათა და სამართლის ფაკულტეტის შრომები :
_bტ.6 /
_cსარედ.კოლეგია: სერგო ვარდოსანიძე, როინ მეტრეველი, მინდია უგრეხელიძე, ვახტანგ გურული და სხვ. ; ტომი გამოსაცემად მოამზადეს ვახტანგ გურულმა და ლევან ჯიქიამ.
264 _aთბილისი :
_bქართული უნ-ტის გამ-ბა,
_c2016.
300 _a238 გვ;
_b 29 სმ.
653 _aისტორია, ფილოლოგია, თარგმანმცოდნეობა, სამართალი.
653 _aშრომები
700 _aვარდოსანიძე, სერგო
_eრედაქტორი
_916860
700 _aმეტრეველი, როინ
_eრედაქტორი
_916861
700 _aუგრეხელიძე, მინდია და სხვ.
_eრედაქტორი
_916862
942 _cBK
_2udc